Stevie Wonder Discography - Statistics

General Stats
  • This quiz has been taken 76 times
  • The average score is 16 of 47
Answer Stats
Type Year Name % Correct
Album 1976 Songs in the Key of Life
92%
Album 1973 Innervisions
84%
Album 1972 Talking Book
76%
Album 1980 Hotter than July
69%
Album 1970 Signed, Sealed & Delivered
65%
Album 1985 In Square Circle
61%
Album 1972 Music of My Mind
59%
Soundtrack 1979 Stevie Wonder's Journey Through "The Secret Life of Plants"
59%
Album 1968 For Once in My Life
53%
Album 1969 My Cherie Amour
51%
Album 1974 Fulfillingness' First Finale
47%
Album 1966 Up-Tight
45%
Album 1987 Characters
43%
Album 1971 Where I'm Coming From
41%
Compilation 1996 Song Review: A Greatest Hits Collection
39%
Album 2005 A Time to Love
37%
Compilation 1968 Greatest Hits
37%
Compilation 1971 Greatest Hits Volume 2
37%
Album 1967 I Was Made to Love Her
37%
Album 1962 The Jazz Soul of Little Stevie
37%
Soundtrack 1984 The Woman in Red
37%
Album 1962 Tribute to Uncle Ray
37%
Album 1995 Conversation Peace
35%
Compilation 1982 Stevie Wonder's Original Musiquarium I
33%
Live Album 1963 Recorded Live: The 12 Year Old Genius
29%
Holiday Album 1967 Someday at Christmas
29%
Album 1964 Stevie at the Beach
29%
Album 1968 Eivets Rednow
27%
Soundtrack 1991 Jungle Fever
27%
Live Album 1995 Natural Wonder
24%
Compilation 2002 The Definitive Collection
24%
Album 1966 Down to Earth
22%
Compilation 2007 Number Ones
22%
Compilation 1999 At the Close of a Century
18%
Live Album 1970 Stevie Wonder Live
18%
Holiday Compilation 2004 20th Century Masters - The Christmas Collection: The Best of Stevie Wonder
16%
Compilation 2005 20th Century Masters - The Millennium Collection: The Best of Stevie Wonder
16%
Compilation 1984 Love Songs: 16 Classic Hits
16%
Compilation 1985 Love Songs: 20 Classic Hits
16%
Compilation 1977 Looking Back
10%
Compilation 2005 The Complete Stevie Wonder
10%
Live Album 1970 Live at the Talk of the Town
8%
Album 1963 Write a Song in My Heart
8%
Compilation 2003 Conception
6%
Holiday Compilation 2016 Fantastic Music for Christmas (All the Greatest Tracks)
6%
Compilation 1999 The Ballad Collection
6%
Holiday Compilation 2016 The Best of Christmas (Fantastic Relaxing Songs)
6%
No matching quizzes found
Score Distribution
Percent of People with Each Score
Percentile by Number Answered
Your Score History
You have not taken this quiz